000 00622nam a2200193 i 4500
001 117983
003 ES-MaACL
005 20230906191016.0
007 t|
008 070214s1917 sp r ||||1| spa d
100 1 _aPereyra, Carlos,
_d1871-1942
_990541
245 1 3 _aEl crimen de Woodrow Wilson /
_cCarlos Pereyra ; prólogo de Rufino Blanco-Fombona.
260 _aMadrid :
_bJuan Pueyo,
_c1917.
300 _aVIII, 124 p. ;
_c20 cm.
651 4 _aEstados Unidos-
_xHistoria-
_y1913-1921.
_9166503
700 1 _aBlanco Fombona, Rufino,
_d1874-1944
_929251
852 _aES-MaACL
_jF-5079
999 _c117983
_d117983